Statistics for MLB Team Colors Quiz

Click here to take the quiz!

General Stats

  • This quiz has been taken 735 times
  • The average score is 10 of 30

Answer Stats

HintAnswer% Correct
Chicago White Sox
82%
Oakland Athletics
59%
Pittsburgh Pirates
54%
Colorado Rockies
49%
New York Yankees
46%
Arizona Diamondbacks
45%
Baltimore Orioles
43%
New York Mets
43%
Kansas City Royals
41%
San Francisco Giants
39%
Tampa Bay Rays
38%
Houston Astros
37%
Cincinnati Reds
36%
Washington Nationals
36%
Miami Marlins
32%
Detroit Tigers
31%
Milwaukee Brewers
29%
Seattle Mariners
29%
Atlanta Braves
24%
Chicago Cubs
24%
Boston Red Sox
22%
Texas Rangers
21%
Toronto Blue Jays
20%
Philadelphia Phillies
18%
Cleveland Indians
17%
Minnesota Twins
16%
St. Louis Cardinals
16%
Los Angeles Dodgers
15%
San Diego Padres
15%
Los Angeles Angels
12%

Score Distribution

Percentile by Number Answered

Percent of People with Each Score

Your Score History

You have not taken this quiz